Social research methods: Puzzles and solutions (Record no. 1377729)

MARC details
000 -LEADER
fixed length control field 00641nam a2200217Ia 4500
005 - DATE AND TIME OF LATEST TRANSACTION
control field 20250508162629.0
008 - FIXED-LENGTH DATA ELEMENTS--GENERAL INFORMATION
fixed length control field 008 250505s9999 xx 000 0 eng d
020 ## - INTERNATIONAL STANDARD BOOK NUMBER
International Standard Book Number 0-205-08677-2
037 ## - SOURCE OF ACQUISITION
Stock number Textual
040 ## - CATALOGING SOURCE
Original cataloging agency FEDL
Language of cataloging eng
Transcribing agency FEDL
041 ## - LANGUAGE CODE
Language code of text/sound track or separate title eng
Source of code eng
084 ## - COLON CLASSIFICATION NUMBER
Classification number 001.4, GUY
Assigning agency FEDL
100 ## - MAIN ENTRY--PERSONAL NAME
Personal name Guy Rebecca F etal...
9 (RLIN) 773637
245 #0 - TITLE STATEMENT
Title Social research methods: Puzzles and solutions
260 ## - PUBLICATION, DISTRIBUTION, ETC.
Place of publication, distribution, etc. Boston, USA
Name of publisher, distributor, etc. Allyn and Bacon
Date of publication, distribution, etc. 1987
300 ## - PHYSICAL DESCRIPTION
Extent viii, 470p.
365 ## - TRADE PRICE
Price type code USD
Price amount 40.5
650 ## - SUBJECT ADDED ENTRY--TOPICAL TERM
Topical term or geographic name entry element Social Science-Research-Methodology
9 (RLIN) 773555
942 ## - ADDED ENTRY ELEMENTS (KOHA)
Koha item type Textual
Classification part 001.4, GUY
Holdings
Withdrawn status Lost status Damaged status Not for loan Home library Current library Date acquired Cost, normal purchase price Total Checkouts Full call number Barcode Date last seen Price effective from Koha item type
        Department of Education Library Department of Education Library 2025-05-08 40.50   001.4, GUY EL0070245 2025-05-08 2025-05-08 Textual
Copyright @ Delhi University Library System